Samsung Galaxy S10 (Record no. 16389)

MARC details
000 -LEADER
fixed length control field 00350nam a2200145Ia 4500
008 - FIXED-LENGTH DATA ELEMENTS--GENERAL INFORMATION
fixed length control field 230312s9999||||xx |||||||||||||| ||und||
020 ## - INTERNATIONAL STANDARD BOOK NUMBER
International Standard Book Number 9781119453857
082 ## - DEWEY DECIMAL CLASSIFICATION NUMBER
Classification number 004.167
Item number GOO-A
100 ## - MAIN ENTRY--PERSONAL NAME
Personal name Hughes,Bill
245 #0 - TITLE STATEMENT
Title Samsung Galaxy S10
260 ## - PUBLICATION, DISTRIBUTION, ETC.
Name of publisher, distributor, etc. Wiley
Place of publication, distribution, etc. Canada
Date of publication, distribution, etc. 2016
300 ## - PHYSICAL DESCRIPTION
Extent 366
650 ## - SUBJECT ADDED ENTRY--TOPICAL TERM
Topical term or geographic name entry element Computer
Form subdivision Mobile Computing
942 ## - ADDED ENTRY ELEMENTS (KOHA)
Koha item type BOOK

No items available.

Powered by Koha